|
|
|
|
| LEADER |
01392nem a2200313 a 4500 |
| 001 |
000019016 |
| 003 |
CZ BrMZK |
| 005 |
20031021164340.0 |
| 007 |
a c |
| 008 |
010907s1995 xr XX 1 cze d |
| 015 |
|
|
|a cnb000104044
|
| 020 |
|
|
|a 80-901878-0-3
|
| 040 |
|
|
|a BOA001
|b cze
|
| 080 |
|
|
|a 912(438.41)(=850)(091)
|2 MRF
|
| 245 |
0 |
0 |
|a Historická mapa českého osídlení na Volyni
|h [kartografický dokument] /
|c redakčně zpracovali Jiří Hofman, Jaroslav Klicpera, Věra Pelcová ; kartograficky zpracoval Jaroslav Drahokoupil.
|
| 260 |
|
|
|a Praha :
|b Sdružení Čechů z Volyně a jejich přátel,
|c 1995
|
| 300 |
|
|
|a 1 list 42 x 117 cm +
|e Vysvětlivky k historické mapě českého osídlení na Volyni. Abecední seznam obcí a osad s českým osídlením. 22 s. v obalu. ;
|c 30 cm
|
| 500 |
|
|
|a Oboustr. barev. slož. m. s vysvětl. a fot. na okraji
|
| 653 |
0 |
|
|a Volyň
|
| 700 |
1 |
|
|a Klicpera, Jaroslav
|4 edt
|
| 700 |
1 |
|
|a Pelcová, Věra
|4 edt
|
| 700 |
1 |
|
|a Drahokoupil, Jaroslav,
|d 1952-
|7 jn20000728115
|4 oth
|
| 700 |
1 |
|
|a Hofman, Jiří,
|d 1923-2011
|7 xx0010070
|4 edt
|
| 910 |
|
|
|a BOA001
|b Mp4-1007.657
|
| 962 |
|
|
|a 912(438)
|
| 964 |
|
|
|a Češi volyňští
|x osídlení
|x mapy historické
|
| 964 |
|
|
|a Volyň
|x Češi
|x osídlení
|x mapy historické
|
| 990 |
|
|
|a MP
|
| 996 |
6 |
|
|b 2610019636
|c Mp4-1007.657
|l MZK
|r Sklad / do 1 hodiny
|n 19
|p p.v.
|w 000019016
|u 000010
|a 1
|e BOA001
|j MZK50
|s P
|